Ego & milieo : (Record no. 1301)
[ view plain ]
| 000 -LEADER | |
|---|---|
| fixed length control field | 00748nam a2200241 a 4500 |
| 001 - CONTROL NUMBER | |
| control field | 1301 |
| 003 - CONTROL NUMBER IDENTIFIER | |
| rucl marc code | BD-RjUL |
| 005 - DATE AND TIME OF LATEST TRANSACTION | |
| control field | 20211208233318.0 |
| 008 - FIXED-LENGTH DATA ELEMENTS--GENERAL INFORMATION | |
| fixed length control field | 131125r19661962- ||||| |||| 00| 0 eng d |
| 035 ## - SYSTEM CONTROL NUMBER | |
| System control number | (BD-RjUL)1323 |
| 040 ## - CATALOGING SOURCE | |
| Original cataloging agency | BD-RjUL |
| Language of cataloging | eng |
| Transcribing agency | BD-RjUL |
| Modifying agency | BD-RjUL |
| 041 ## - LANGUAGE CODE | |
| Language code of text/sound track or separate title | eng |
| 082 04 - DEWEY DECIMAL CLASSIFICATION NUMBER | |
| Edition number | 21 |
| Classification number | 616.8915 |
| Author mark and year | CUE 1966 |
| 100 1# - MAIN ENTRY--PERSONAL NAME | |
| Personal name | Cumming, John, |
| 9 (RLIN) | 3853 |
| 245 1# - TITLE STATEMENT | |
| Title | Ego & milieo : |
| Remainder of title | Theory and practice of environmental therapy / |
| Statement of responsibility, etc. | John Cumming and Elance Cumming. |
| 260 ## - PUBLICATION, DISTRIBUTION, ETC. (IMPRINT) | |
| Place of publication, distribution, etc. | New York : |
| Name of publisher, distributor, etc. | Atherton press, |
| Date of publication, distribution, etc. | c1962 [Printing 1966] . |
| 300 ## - PHYSICAL DESCRIPTION | |
| Pagination | xiii, 292 p. ; |
| Size | 23 cm. |
| 504 ## - BIBLIOGRAPHY, ETC. NOTE | |
| Bibliography, etc | Includes index. |
| 650 ## - SUBJECT ADDED ENTRY--TOPICAL TERM | |
| Topical term or geographic name as entry element | Group psychotherapy. |
| 9 (RLIN) | 116347 |
| Topical term or geographic name as entry element | Ego (Psychology) |
| 9 (RLIN) | 116348 |
| 700 1# - ADDED ENTRY--PERSONAL NAME | |
| Personal name | Cumming, Elance, |
| 942 ## - ADDED ENTRY ELEMENTS (KOHA) | |
| Source of classification or shelving scheme | Dewey Decimal Classification |
| Koha item type | Books |
| Lost status | Source of classification or shelving scheme | Damaged status | Not for loan | Collection code | Permanent Location | Current Location | Shelving location | Date acquired | Source of acquisition | Cost, normal purchase price | Total Checkouts | Full call number | Date last seen | Copy number | Koha item type |
|---|---|---|---|---|---|---|---|---|---|---|---|---|---|---|---|
| Dewey Decimal Classification | Not For Loan | Non-fiction | Central Library, University of Rajshahi | Central Library, University of Rajshahi | Reading Room | 07/08/1971 | Zeittinger | 74.00 | 616.8915 CUE 1966 | 25/11/2013 | C-1 | Books |